[Event "HUN-ch Blitz"]
[Site "Ajka"]
[Date "2024.07.19"]
[Round "3"]
[White "Lizak, Peter"]
[Black "Svidler, Peter"]
[Result "0-1"]
[WhiteElo "2398"]
[BlackElo "2698"]
[PlyCount "56"]
[EventDate "2024.07.19"]
[EventType "swiss (blitz)"]
[EventRounds "13"]
[EventCountry "HUN"]
[SourceTitle "CBM 221 Extra"]
[Source "ChessBase"]
[SourceDate "2024.09.30"]
[SourceVersion "1"]
[SourceVersionDate "2024.09.30"]
[SourceQuality "1"]

1. c4 g6 2. g3 c5 3. Bg2 Bg7 4. Nc3 Nc6 5. Nf3 d6 6. 0-0 Bf5 7. d3 Qd7 8. Nd5 Nf6 9. Nxf6+ Bxf6 10. Rb1 0-0 11. Bh6 Rfd8 12. Re1 Rab8 13. Nd2 b5 14. cxb5 Rxb5 15. Qa4 Rdb8 16. Nc4 Nd4 17. e3 Bxd3 18. exd4 Bxb1 19. Rxb1 Bxd4 20. Na3 Qf5 21. Rf1 Rxb2 22. Be3 Bxe3 23. fxe3 Qe6 24. Qf4 R8b4 25. e4 Rxa2 26. Nb1 Rbb2 27. Bh3 Qc4 28. Nc3 Qd4+ 0-1

[Event "HUN-ch Blitz"]
[Site "Ajka"]
[Date "2024.07.19"]
[Round "8"]
[White "Svidler, Peter"]
[Black "Indjic, Aleksandar"]
[Result "1/2-1/2"]
[WhiteElo "2698"]
[BlackElo "2610"]
[PlyCount "132"]
[EventDate "2024.07.19"]
[EventType "swiss (blitz)"]
[EventRounds "13"]
[EventCountry "HUN"]
[SourceTitle "CBM 221 Extra"]
[Source "ChessBase"]
[SourceDate "2024.09.30"]
[SourceVersion "1"]
[SourceVersionDate "2024.09.30"]
[SourceQuality "1"]

1. e4 e5 2. Nf3 Nc6 3. Bc4 Nf6 4. d3 h6 5. a4 d6 6. Nbd2 g6 7. a5 a6 8. Nf1 Bg7 9. Ne3 Be6 10. Bxe6 fxe6 11. c3 0-0 12. Qe2 Qd7 13. h3 d5 14. Ng4 Nxg4 15. hxg4 g5 16. Be3 Rad8 17. Bc5 Rf6 18. Nd2 Bf8 19. Bxf8 Rdxf8 20. f3 Qd6 21. Qf2 Kg7 22. Kd1 Rd8 23. Kc1 d4 24. Nc4 Qc5 25. Ra3 Ra8 26. Kc2 b5 27. axb6 cxb6 28. Kb1 b5 29. Na5 Nxa5 30. Rxa5 Qb6 31. Ra3 Rd8 32. Rc1 Rf7 33. Qg3 Kf6 34. Qe1 Rc7 35. cxd4 Rxc1+ 36. Qxc1 Qxd4 37. Rxa6 Qxd3+ 38. Qc2 Qd1+ 39. Qxd1 Rxd1+ 40. Ka2 Rd2 41. Rb6 Rxg2 42. Rxb5 Rf2 43. Rb3 Kg6 44. Ka3 h5 45. gxh5+ Kxh5 46. Rc3 g4 47. fxg4+ Kxg4 48. b4 Kf4 49. Rc4 Rf1 50. b5 Rb1 51. Rb4 Ra1+ 52. Kb2 Ra7 53. b6 Rb7 54. Kc3 Ke3 55. Kc2 Kf3 56. Kd3 Kf4 57. Rb1 Rd7+ 58. Kc4 Rb7 59. Kc5 Kxe4 60. Kc6 Rb8 61. Kc7 Rg8 62. b7 Kf3 63. b8Q Rxb8 64. Rxb8 e4 65. Rf8+ Kg2 66. Re8 e3 1/2-1/2

[Event "HUN-ch Blitz"]
[Site "Ajka"]
[Date "2024.07.19"]
[Round "12"]
[White "Svidler, Peter"]
[Black "Medvegy, Zoltan"]
[Result "1-0"]
[WhiteElo "2698"]
[BlackElo "2507"]
[PlyCount "75"]
[EventDate "2024.07.19"]
[EventType "swiss (blitz)"]
[EventRounds "13"]
[EventCountry "HUN"]
[SourceTitle "CBM 221 Extra"]
[Source "ChessBase"]
[SourceDate "2024.09.30"]
[SourceVersion "1"]
[SourceVersionDate "2024.09.30"]
[SourceQuality "1"]

1. e4 e6 2. d4 d5 3. Nc3 dxe4 4. Nxe4 Bd7 5. Nf3 Bc6 6. Bd3 Nd7 7. 0-0 Ngf6 8. Ng3 Be7 9. b3 0-0 10. Bb2 a5 11. a4 Re8 12. Qe2 Bxf3 13. Qxf3 c6 14. Rad1 Bf8 15. Rfe1 Qb6 16. Ne4 Nxe4 17. Rxe4 g6 18. Rf4 f5 19. g4 Bg7 20. Bc4 Kh8 21. g5 Rad8 22. Rh4 Nf8 23. Rd3 Qc7 24. Qg2 Qd7 25. Rdh3 b5 26. Bf1 e5 27. axb5 cxb5 28. dxe5 Bxe5 29. Rd3 Qg7 30. Rxd8 Rxd8 31. Bxe5 Qxe5 32. Qb7 b4 33. Rc4 Rd1 34. Rc8 Qg7 35. Qb8 Kg8 36. Kg2 h6 37. Bc4+ Kh7 38. Rxf8 1-0

[Event "HUN-ch Blitz"]
[Site "Ajka"]
[Date "2024.07.19"]
[Round "10"]
[White "Svidler, Peter"]
[Black "Pechac, Jergus"]
[Result "1/2-1/2"]
[WhiteElo "2698"]
[BlackElo "2578"]
[PlyCount "74"]
[EventDate "2024.07.19"]
[EventType "swiss (blitz)"]
[EventRounds "13"]
[EventCountry "HUN"]
[SourceTitle "CBM 221 Extra"]
[Source "ChessBase"]
[SourceDate "2024.09.30"]
[SourceVersion "1"]
[SourceVersionDate "2024.09.30"]
[SourceQuality "1"]

1. e4 e5 2. Nf3 Nc6 3. Bb5 Nge7 4. Nc3 Ng6 5. h4 Nd4 6. h5 Nf4 7. Nxd4 exd4 8. Qf3 Bd6 9. Ne2 Nxe2 10. Bxe2 h6 11. Bc4 0-0 12. d3 Bb4+ 13. Kf1 a5 14. a3 Be7 15. Qg3 Kh8 16. Bf4 d6 17. Re1 Be6 18. Bd2 Bxc4 19. dxc4 Qd7 20. Qd3 Bf6 21. b3 c6 22. a4 b5 23. cxb5 cxb5 24. Qxb5 Qxb5+ 25. axb5 Rfc8 26. Rc1 Rab8 27. Ke2 Rxb5 28. f4 a4 29. bxa4 Rb2 30. Kd3 Ra2 31. Ra1 Rcxc2 32. Rxa2 Rxa2 33. a5 Bd8 34. g4 Bxa5 35. Bxa5 Rxa5 36. Kxd4 Ra2 37. Ke3 Ra3+ 1/2-1/2

[Event "HUN-ch Blitz"]
[Site "Ajka"]
[Date "2024.07.19"]
[Round "2"]
[White "Svidler, Peter"]
[Black "Zentai, Peter1"]
[Result "1-0"]
[WhiteElo "2698"]
[BlackElo "2260"]
[PlyCount "41"]
[EventDate "2024.07.19"]
[EventType "swiss (blitz)"]
[EventRounds "13"]
[EventCountry "HUN"]
[SourceTitle "CBM 221 Extra"]
[Source "ChessBase"]
[SourceDate "2024.09.30"]
[SourceVersion "1"]
[SourceVersionDate "2024.09.30"]
[SourceQuality "1"]

1. e4 e6 2. d4 d5 3. Nd2 Be7 4. c3 c5 5. dxc5 Bxc5 6. Bd3 Nf6 7. Qe2 0-0 8. e5 Nfd7 9. Nb3 Bb6 10. Nf3 h6 11. h4 Nc6 12. Rh3 Qc7 13. Rg3 Ndxe5 14. Bxh6 g6 15. h5 Nxd3+ 16. Qxd3 Ne5 17. Qe2 Nxf3+ 18. Qxf3 e5 19. hxg6 f5 20. Bxf8 e4 21. Qh5 1-0

[Event "Titled Tuesday intern op 21st May Early"]
[Site "Chess.com INT"]
[Date "2024.05.21"]
[Round "5"]
[White "Bao, Qilin"]
[Black "Svidler, Peter"]
[Result "0-1"]
[WhiteElo "2419"]
[BlackElo "2689"]
[PlyCount "80"]
[EventDate "2024.05.21"]
[EventType "swiss (blitz)"]
[EventRounds "11"]
[EventCountry "USA"]
[SourceTitle "CBM 220 Extra"]
[Source "ChessBase"]
[SourceDate "2024.07.31"]
[SourceVersion "1"]
[SourceVersionDate "2024.07.31"]
[SourceQuality "1"]

1. d4 d5 2. Nf3 a6 3. Bf4 Bf5 4. e3 e6 5. Bd3 Bxd3 6. Qxd3 c5 7. 0-0 Nc6 8. dxc5 Bxc5 9. a3 Nf6 10. c4 dxc4 11. Qxc4 Qd5 12. Rc1 Be7 13. Qe2 0-0 14. Nc3 Qh5 15. Ne5 Qxe2 16. Nxe2 Nxe5 17. Bxe5 Rfc8 18. Rxc8+ Rxc8 19. Rc1 Rxc1+ 20. Nxc1 Ne4 21. f3 Nd2 22. Kf2 Nc4 23. Nd3 f6 24. Bc3 Kf7 25. Ke2 b5 26. e4 e5 27. Bb4 a5 28. Be1 a4 29. Bb4 Bxb4 30. axb4 Ke6 31. Kd1 Ne3+ 32. Kd2 Nxg2 33. Nc5+ Kd6 34. Nb7+ Kc6 35. Nd8+ Kd7 36. Nb7 Nf4 37. Nc5+ Kd6 38. Ke3 Ne6 39. Nb7+ Kc6 40. Na5+ Kb6 0-1

[Event "Titled Tuesday intern op 21st May Early"]
[Site "Chess.com INT"]
[Date "2024.05.21"]
[Round "2"]
[White "Karttunen, Mika"]
[Black "Svidler, Peter"]
[Result "0-1"]
[WhiteElo "2479"]
[BlackElo "2689"]
[PlyCount "56"]
[EventDate "2024.05.21"]
[EventType "swiss (blitz)"]
[EventRounds "11"]
[EventCountry "USA"]
[SourceTitle "CBM 220 Extra"]
[Source "ChessBase"]
[SourceDate "2024.07.31"]
[SourceVersion "1"]
[SourceVersionDate "2024.07.31"]
[SourceQuality "1"]

1. c4 g6 2. Nc3 c5 3. g3 Bg7 4. Bg2 Nc6 5. Nf3 e6 6. e4 Nge7 7. h4 h6 8. d3 d5 9. Bd2 d4 10. Na4 b6 11. e5 Bb7 12. Nh2 Bxe5 13. b4 cxb4 14. 0-0 Qd7 15. a3 bxa3 16. Rxa3 Bg7 17. Qb1 0-0 18. c5 b5 19. Qxb5 Rab8 20. Ra2 Ba8 21. Qa6 Ne5 22. f4 Bxg2 23. Kxg2 N5c6 24. Nb2 Nd5 25. Nc4 Ndb4 26. Bxb4 Nxb4 27. Qxa7 Qd5+ 28. Nf3 Ra8 0-1

[Event "Titled Tuesday intern op 21st May Early"]
[Site "Chess.com INT"]
[Date "2024.05.21"]
[Round "7"]
[White "Lazavik, Denis"]
[Black "Svidler, Peter"]
[Result "1-0"]
[WhiteElo "2572"]
[BlackElo "2689"]
[PlyCount "95"]
[EventDate "2024.05.21"]
[EventType "swiss (blitz)"]
[EventRounds "11"]
[EventCountry "USA"]
[SourceTitle "CBM 220 Extra"]
[Source "ChessBase"]
[SourceDate "2024.07.31"]
[SourceVersion "1"]
[SourceVersionDate "2024.07.31"]
[SourceQuality "1"]

1. d4 d5 2. c4 e6 3. Nf3 a6 4. cxd5 exd5 5. Nc3 h6 6. Bf4 Nf6 7. e3 Bd6 8. Be5 c6 9. Bd3 Bg4 10. Qc2 Qe7 11. Bxd6 Qxd6 12. Ne5 Be6 13. 0-0 c5 14. Qa4+ Nbd7 15. Nxd7 Nxd7 16. dxc5 Qxc5 17. Rac1 0-0 18. Rfd1 Ne5 19. Nxd5 Qxd5 20. Bh7+ Kxh7 21. Rxd5 Bxd5 22. Qd4 Nf3+ 23. gxf3 Bxf3 24. Qf4 Bc6 25. Rd1 Kg8 26. Rd4 Rad8 27. f3 Rxd4 28. exd4 Rd8 29. Kf2 Rd5 30. Ke3 h5 31. Qc7 g6 32. f4 Kg7 33. b3 Rf5 34. a4 Rd5 35. Kd3 Rf5 36. Kc4 Rd5 37. Qe7 Rf5 38. Qe3 Rd5 39. Qc3 a5 40. Qe3 Rf5 41. b4 Bxa4 42. d5 axb4 43. Qd4+ Kg8 44. Kxb4 Bd7 45. Qe4 Kf8 46. h4 b6 47. Kc3 Bb5 48. Qb4+ 1-0

[Event "Titled Tuesday intern op 21st May Early"]
[Site "Chess.com INT"]
[Date "2024.05.21"]
[Round "8"]
[White "Svidler, Peter"]
[Black "Akobian, Varuzhan"]
[Result "1/2-1/2"]
[WhiteElo "2689"]
[BlackElo "2571"]
[PlyCount "106"]
[EventDate "2024.05.21"]
[EventType "swiss (blitz)"]
[EventRounds "11"]
[EventCountry "USA"]
[SourceTitle "CBM 220 Extra"]
[Source "ChessBase"]
[SourceDate "2024.07.31"]
[SourceVersion "1"]
[SourceVersionDate "2024.07.31"]
[SourceQuality "1"]

1. e4 d6 2. d4 Nf6 3. Nc3 c6 4. f4 Qa5 5. Bd3 e5 6. Nf3 exd4 7. Nxd4 Qb6 8. Nf3 g6 9. Qe2 Bg7 10. Bd2 0-0 11. 0-0-0 Re8 12. Rhe1 Na6 13. Be3 Qa5 14. Kb1 Nb4 15. a3 Nxd3 16. cxd3 b5 17. Nd4 Bg4 18. Nf3 b4 19. axb4 Qxb4 20. h3 Bxf3 21. gxf3 Rab8 22. Na2 Qa4 23. d4 Nh5 24. Qc2 Qa6 25. f5 c5 26. fxg6 hxg6 27. Nc3 Rec8 28. e5 cxd4 29. Bxd4 Rb4 30. exd6 Rxd4 31. Rxd4 Bxd4 32. d7 Rf8 33. Re8 Bf6 34. Nd5 Qd6 35. Nxf6+ Nxf6 36. d8Q Nxe8 37. Qxd6 Nxd6 38. Qc5 Nf5 39. Qxa7 Re8 40. b4 Re3 41. b5 Rb3+ 42. Kc2 Rxb5 43. Kc3 Kg7 44. Qd7 Rb6 45. Qc7 Rd6 46. Qc5 Rd4 47. Qxf5 gxf5 48. Kxd4 Kg6 49. Ke5 Kg5 50. f4+ Kh4 51. Kxf5 Kxh3 52. Kf6 Kg4 53. Kxf7 Kxf4 1/2-1/2

[Event "Titled Tuesday intern op 21st May Early"]
[Site "Chess.com INT"]
[Date "2024.05.21"]
[Round "3"]
[White "Svidler, Peter"]
[Black "Goltsev, Dmitry"]
[Result "1-0"]
[WhiteElo "2689"]
[BlackElo "2170"]
[PlyCount "65"]
[EventDate "2024.05.21"]
[EventType "swiss (blitz)"]
[EventRounds "11"]
[EventCountry "USA"]
[SourceTitle "CBM 220 Extra"]
[Source "ChessBase"]
[SourceDate "2024.07.31"]
[SourceVersion "1"]
[SourceVersionDate "2024.07.31"]
[SourceQuality "1"]

1. e4 e6 2. d4 d5 3. Nd2 c5 4. Ngf3 Nf6 5. exd5 exd5 6. Bb5+ Nc6 7. 0-0 Be7 8. dxc5 Bxc5 9. Re1+ Be6 10. Nb3 Bb6 11. Be3 0-0 12. h3 Ne4 13. c3 Re8 14. Bd3 Qf6 15. Bxb6 axb6 16. Bxe4 dxe4 17. Rxe4 Red8 18. Nbd4 Bd5 19. Re3 Bxa2 20. Qe1 h6 21. b3 b5 22. Re2 Nxd4 23. Nxd4 b4 24. Rexa2 Rxa2 25. Rxa2 bxc3 26. Nb5 Rd2 27. Nxc3 Rxa2 28. Nxa2 Qb2 29. Nc1 Qb1 30. g3 b5 31. Qe8+ Kh7 32. Qe3 b4 33. Qd3+ 1-0

[Event "Titled Tuesday intern op 21st May Early"]
[Site "Chess.com INT"]
[Date "2024.05.21"]
[Round "1"]
[White "Svidler, Peter"]
[Black "Hamidov, Allahverdi"]
[Result "1-0"]
[WhiteElo "2689"]
[BlackElo "2307"]
[PlyCount "65"]
[EventDate "2024.05.21"]
[EventType "swiss (blitz)"]
[EventRounds "11"]
[EventCountry "USA"]
[SourceTitle "CBM 220 Extra"]
[Source "ChessBase"]
[SourceDate "2024.07.31"]
[SourceVersion "1"]
[SourceVersionDate "2024.07.31"]
[SourceQuality "1"]

1. e4 e6 2. d4 d5 3. Nd2 c5 4. Ngf3 Nc6 5. exd5 exd5 6. Bb5 Qe7+ 7. Be2 Qc7 8. 0-0 Nf6 9. c4 cxd4 10. cxd5 Nxd5 11. Ne4 Be7 12. Bc4 Nb6 13. Bb3 0-0 14. Nfg5 Bf5 15. Qf3 Bg6 16. h4 Bxe4 17. Nxe4 Kh8 18. h5 f5 19. Ng5 Bxg5 20. Bxg5 Rae8 21. Rae1 Qd7 22. h6 Na5 23. Bc2 g6 24. Bd3 Nc6 25. Qg3 Qf7 26. Bb5 Rxe1 27. Rxe1 Re8 28. Rxe8+ Qxe8 29. Qd6 Qe1+ 30. Kh2 Qe5+ 31. Qxe5+ Nxe5 32. Bf6+ Kg8 33. Bxe5 1-0

[Event "Titled Tuesday intern op 21st May Early"]
[Site "Chess.com INT"]
[Date "2024.05.21"]
[Round "6"]
[White "Svidler, Peter"]
[Black "Nakamura, Hikaru"]
[Result "1/2-1/2"]
[WhiteElo "2689"]
[BlackElo "2794"]
[PlyCount "148"]
[EventDate "2024.05.21"]
[EventType "swiss (blitz)"]
[EventRounds "11"]
[EventCountry "USA"]
[SourceTitle "CBM 220 Extra"]
[Source "ChessBase"]
[SourceDate "2024.07.31"]
[SourceVersion "1"]
[SourceVersionDate "2024.07.31"]
[SourceQuality "1"]

1. e4 a6 2. d4 e6 3. c4 d5 4. cxd5 exd5 5. e5 c5 6. Nf3 Nc6 7. Nc3 Bg4 8. Be2 cxd4 9. Nxd4 Bxe2 10. Ncxe2 Nxe5 11. 0-0 Nf6 12. Qb3 Bc5 13. Qxb7 0-0 14. Qb3 Rb8 15. Qg3 Re8 16. Bg5 Qb6 17. Bxf6 Qxf6 18. b3 h5 19. Rad1 Bd6 20. Qf4 Qg6 21. Qf5 Rbc8 22. Qxg6 Nxg6 23. g3 Ba3 24. Kg2 h4 25. Rd2 a5 26. Rfd1 f6 27. Ng1 hxg3 28. hxg3 Ne7 29. Ngf3 Kf7 30. Nc2 Bc5 31. Nfd4 Red8 32. Ne3 Bb6 33. Ndc2 Rc3 34. Nd4 Rcc8 35. Kf3 g5 36. Nb5 Rc5 37. Nd4 Rc3 38. Nb5 Rc5 39. Nd4 Ng6 40. Ndf5 Ne5+ 41. Kg2 Ke6 42. Ng7+ Kf7 43. Nxd5 Rcxd5 44. Rxd5 Rxd5 45. Rxd5 Kxg7 46. f4 gxf4 47. gxf4 Ng6 48. Kf3 Kf7 49. Rb5 Bd8 50. b4 axb4 51. Rxb4 Ne7 52. a4 Nc6 53. Rc4 Na5 54. Rc5 Ke6 55. Kg4 Nb7 56. Rb5 Nd6 57. Rb8 f5+ 58. Kf3 Ba5 59. Ra8 Nc4 60. Ra6+ Kd5 61. Rf6 Nd6 62. Rf8 Bd2 63. Ra8 Kc6 64. a5 Ne4 65. a6 Kb6 66. Rf8 Kxa6 67. Rxf5 Nc3 68. Re5 Kb6 69. f5 Bg5 70. f6 Bxf6 71. Re6+ Kc5 72. Rxf6 Nd5 73. Rf5 Kd4 74. Rxd5+ Kxd5 1/2-1/2

[Event "Titled Tuesday intern op 21st May Early"]
[Site "Chess.com INT"]
[Date "2024.05.21"]
[Round "4"]
[White "Svidler, Peter"]
[Black "Rustemov, Alexander"]
[Result "1-0"]
[WhiteElo "2689"]
[BlackElo "2525"]
[PlyCount "133"]
[EventDate "2024.05.21"]
[EventType "swiss (blitz)"]
[EventRounds "11"]
[EventCountry "USA"]
[SourceTitle "CBM 220 Extra"]
[Source "ChessBase"]
[SourceDate "2024.07.31"]
[SourceVersion "1"]
[SourceVersionDate "2024.07.31"]
[SourceQuality "1"]

1. e4 e6 2. d4 d5 3. Nd2 dxe4 4. Nxe4 Bd7 5. Nf3 Bc6 6. Neg5 Nd7 7. Bd3 Ngf6 8. Qe2 Qe7 9. 0-0 h6 10. Ne4 Nxe4 11. Bxe4 Bxe4 12. Qxe4 0-0-0 13. c4 g5 14. Re1 Bg7 15. b4 Rhe8 16. b5 f5 17. Qc2 g4 18. Ne5 Nxe5 19. dxe5 Qb4 20. Be3 Bxe5 21. Rab1 Qc3 22. Qa4 Bd4 23. Rec1 Qd3 24. Rd1 Qe4 25. Bxd4 Rxd4 26. Qxa7 Rxd1+ 27. Rxd1 b6 28. c5 Qb7 29. Qa3 bxc5 30. Qxc5 Qb6 31. Qe5 Rd8 32. Rc1 Qd6 33. Qe2 e5 34. g3 f4 35. Qxg4+ Kb8 36. Qf3 Qd2 37. Qc6 Qd6 38. Qc4 fxg3 39. hxg3 h5 40. a4 Rc8 41. a5 Qd4 42. b6 Qxc4 43. Rxc4 c5 44. Kf1 Kb7 45. Rh4 Ka6 46. Rxh5 c4 47. Ke2 c3 48. Kd1 Kxa5 49. b7 Rd8+ 50. Kc2 Kb6 51. Kxc3 Re8 52. Kd3 Kxb7 53. Ke4 Kc6 54. Rxe5 Ra8 55. f4 Kd6 56. g4 Ra4+ 57. Kf5 Ra8 58. g5 Rf8+ 59. Kg4 Rg8 60. Re1 Rf8 61. f5 Ra8 62. g6 Ra4+ 63. Kg5 Ra2 64. Kf6 Rf2 65. g7 Rg2 66. Kf7 Kd5 67. f6 1-0

[Event "Chess.com Play In Match Div 3"]
[Site "Chess.com INT"]
[Date "2024.05.09"]
[Round "1.1"]
[White "Deac, Bogdan Daniel"]
[Black "Svidler, Peter"]
[Result "1-0"]
[WhiteElo "2693"]
[BlackElo "2689"]
[PlyCount "121"]
[EventDate "2024.05.09"]
[EventType "k.o. (rapid)"]
[EventRounds "1"]
[EventCountry "USA"]
[SourceTitle "CBM 220 Extra"]
[Source "ChessBase"]
[SourceDate "2024.07.31"]
[SourceVersion "1"]
[SourceVersionDate "2024.07.31"]
[SourceQuality "1"]

1. e4 e5 2. Nf3 Nc6 3. Bc4 Bc5 4. c3 Nf6 5. d3 d6 6. 0-0 a5 7. Re1 0-0 8. h3 Be6 9. Bb5 Ne7 10. d4 Bb6 11. Bf1 Ng6 12. c4 exd4 13. Nxd4 Ne5 14. Nxe6 fxe6 15. Be3 Bxe3 16. Rxe3 Nfd7 17. Nc3 Qf6 18. Qd2 Nc5 19. f3 Qg5 20. Kh1 Rf6 21. Rd1 Raf8 22. Nb5 R8f7 23. b3 Qh5 24. Nd4 g5 25. Kg1 Qh4 26. a3 g4 27. fxg4 Rf2 28. Qc1 a4 29. bxa4 Qf6 30. Be2 Qf4 31. Nf5 exf5 32. exf5 Rxe2 33. Rxe2 Qxc1 34. Rxc1 h5 35. gxh5 Rxf5 36. a5 Rxh5 37. Rf1 Rh4 38. Ref2 Rxc4 39. Rf8+ Kg7 40. Re8 Ne4 41. Re7+ Kg6 42. Re8 Nf6 43. Re6 Ned7 44. g4 Ra4 45. Rf5 Rxa3 46. Kg2 Kg7 47. Re7+ Kg6 48. h4 Nxg4 49. Rg5+ Kf6 50. Rxd7 Ne3+ 51. Kf2 Nf5 52. Rxc7 Rxa5 53. Rh5 Ra2+ 54. Ke1 b5 55. Rh8 Nd4 56. h5 Nf3+ 57. Kd1 b4 58. Rb7 Kg5 59. h6 Rh2 60. h7 Kf4 61. Rf8+ 1-0

[Event "Chess.com Play In Match Div 3"]
[Site "Chess.com INT"]
[Date "2024.05.09"]
[Round "1.3"]
[White "Deac, Bogdan Daniel"]
[Black "Svidler, Peter"]
[Result "0-1"]
[WhiteElo "2693"]
[BlackElo "2689"]
[PlyCount "130"]
[EventDate "2024.05.09"]
[EventType "k.o. (rapid)"]
[EventRounds "1"]
[EventCountry "USA"]
[SourceTitle "CBM 220 Extra"]
[Source "ChessBase"]
[SourceDate "2024.07.31"]
[SourceVersion "1"]
[SourceVersionDate "2024.07.31"]
[SourceQuality "1"]

1. e4 c5 2. Nf3 d6 3. Bb5+ Nd7 4. d4 cxd4 5. Nxd4 Ngf6 6. 0-0 a6 7. Bd3 Nc5 8. Re1 e5 9. Nb3 Bg4 10. f3 Nxd3 11. cxd3 Be6 12. d4 Be7 13. Nc3 0-0 14. Be3 Rc8 15. Qd2 Bc4 16. Red1 b5 17. Rac1 Nd7 18. Ne2 d5 19. exd5 Nf6 20. dxe5 Nxd5 21. Qe1 Qe8 22. Bd2 f6 23. Nf4 Nxf4 24. Bxf4 fxe5 25. Qxe5 Bf6 26. Qxe8 Rfxe8 27. Rd2 Rcd8 28. Rdc2 Bxb3 29. axb3 Rd3 30. Rc8 Rxc8 31. Rxc8+ Kf7 32. Ra8 Rxb3 33. Rxa6 Rxb2 34. g4 b4 35. Kf1 b3 36. Rb6 Rb1+ 37. Ke2 b2 38. g5 Bd4 39. Rb7+ Ke6 40. Kd3 Rc1 41. Kxd4 b1Q 42. Rxb1 Rxb1 43. Ke4 Rb4+ 44. Ke3 Kf5 45. Bd6 Rb3+ 46. Kf2 Kxg5 47. Kg2 Kf5 48. Kf2 Ke6 49. Bc5 g6 50. h3 Kd5 51. Ba7 Kc4 52. Be3 Kd3 53. Ba7 Ra3 54. Bc5 Ra2+ 55. Kg3 Ke2 56. f4 Ra5 57. Bd6 Ke3 58. Be5 Ke4 59. Kg4 Ra1 60. Kg5 Rg1+ 61. Kh6 g5 62. fxg5 Kxe5 63. h4 Rh1 64. Kxh7 Rxh4+ 65. Kg7 Kf5 0-1

[Event "Chess.com Play In Match Div 3"]
[Site "Chess.com INT"]
[Date "2024.05.09"]
[Round "1.5"]
[White "Deac, Bogdan Daniel"]
[Black "Svidler, Peter"]
[Result "1-0"]
[WhiteElo "2693"]
[BlackElo "2689"]
[PlyCount "85"]
[EventDate "2024.05.09"]
[EventType "k.o. (rapid)"]
[EventRounds "1"]
[EventCountry "USA"]
[SourceTitle "CBM 220 Extra"]
[Source "ChessBase"]
[SourceDate "2024.07.31"]
[SourceVersion "1"]
[SourceVersionDate "2024.07.31"]
[SourceQuality "1"]

1. e4 e5 2. Nf3 Nc6 3. Bc4 Bc5 4. c3 Nf6 5. d3 d6 6. Nbd2 a5 7. 0-0 0-0 8. h3 Be6 9. Re1 Ba7 10. a4 Bxc4 11. Nxc4 Qd7 12. Qb3 h6 13. Qb5 Rfe8 14. Bd2 Qc8 15. Rad1 Nd8 16. Nh4 c6 17. Qb3 Qc7 18. Nf5 d5 19. exd5 cxd5 20. Ncd6 Re6 21. Nb5 Qd7 22. Nxa7 Rxa7 23. d4 e4 24. c4 Nc6 25. Qg3 Ne8 26. Nxh6+ Kf8 27. Ng4 Ne7 28. Ne5 Qxa4 29. b3 Qa3 30. cxd5 Nxd5 31. Rxe4 a4 32. Nd7+ Ke7 33. Rxe6+ fxe6 34. Nc5 axb3 35. Re1 b2 36. Rxe6+ Kf8 37. Qg6 Nef6 38. Re1 Ra8 39. Ne6+ Ke7 40. Nc7+ Kd7 41. Nxa8 Qxa8 42. Qc2 Qa3 43. Rb1 1-0

[Event "Chess.com Play In Match Div 3"]
[Site "Chess.com INT"]
[Date "2024.05.09"]
[Round "1.2"]
[White "Svidler, Peter"]
[Black "Deac, Bogdan Daniel"]
[Result "1/2-1/2"]
[WhiteElo "2689"]
[BlackElo "2693"]
[PlyCount "108"]
[EventDate "2024.05.09"]
[EventType "k.o. (rapid)"]
[EventRounds "1"]
[EventCountry "USA"]
[SourceTitle "CBM 220 Extra"]
[Source "ChessBase"]
[SourceDate "2024.07.31"]
[SourceVersion "1"]
[SourceVersionDate "2024.07.31"]
[SourceQuality "1"]

1. c4 e6 2. g3 d5 3. Bg2 Nf6 4. Nf3 Be7 5. 0-0 0-0 6. b3 b6 7. cxd5 Nxd5 8. e4 Nb4 9. d4 Ba6 10. a3 Bxf1 11. Bxf1 N4c6 12. Nc3 Na5 13. b4 Nb7 14. e5 c5 15. bxc5 bxc5 16. d5 exd5 17. Nxd5 Kh8 18. Qd3 c4 19. Qxc4 Nd7 20. Bf4 Nb6 21. Nxb6 axb6 22. Bd3 Nc5 23. Bc2 Qc8 24. Be3 Qe6 25. Qf4 Rad8 26. Bf5 Qd5 27. Qg4 g6 28. Bc2 f5 29. exf6 Bxf6 30. Rb1 Qe6 31. Qxe6 Nxe6 32. Bxb6 Rb8 33. a4 Bd8 34. Bxd8 Rxb1+ 35. Bxb1 Rxd8 36. Be4 Nc5 37. Bc6 Rd1+ 38. Kg2 Ra1 39. h4 Nxa4 40. h5 gxh5 41. Be8 Nc5 42. Bxh5 Ra2 43. Bf7 Rb2 44. Ng1 Nd3 45. Nh3 Kg7 46. Bc4 Ne5 47. Bd5 Ng4 48. Kf3 Ne5+ 49. Kg2 Kf6 50. Be4 h6 51. Bf3 Kf5 52. Nf4 Nxf3 53. Kxf3 Rb3+ 54. Kg2 Kg5 1/2-1/2